[Event "57th Biel Rapid Open"]
[Site "Biel SUI"]
[Date "2024.07.14"]
[Round "9.34"]
[White "Spagnoli, Benjamin"]
[Black "Kuhn, Thomas"]
[Result "0-1"]
[WhiteElo "1847"]
[BlackElo "2094"]
[WhiteFideId "20667116"]
[BlackFideId "1304135"]
[EventDate "2024.07.14"]
[EventType "swiss"]

1. d4 d5 2. Nc3 Nf6 3. Bf4 g6 4. Nf3 Bg7 5. e3 Bg4 6. Be2 O-O 7. h3 Bxf3 8. Bxf3
c6 9. O-O Nbd7 10. Ne2 Nb6 11. b3 Nfd7 12. Rc1 e5 13. dxe5 Nxe5 14. Nd4 c5 15.
Nb5 a6 16. Na3 Nxf3+ 17. Qxf3 Bb2 18. Bh6 Bxa3 19. Bxf8 Qxf8 20. Rcd1 Qe7 21.
Rd3 c4 22. bxc4 dxc4 23. Rxa3 Qxa3 24. Qxb7 Qb2 25. a4 a5 26. Rd1 Re8 27. Qc6
Re6 28. Rd8+ Kg7 29. Qc5 Qa1+ 30. Kh2 Qe5+ 0-1

[Event "57th Biel Rapid Open"]
[Site "Biel SUI"]
[Date "2024.07.14"]
[Round "9.35"]
[White "Birchmeier, Martin"]
[Black "Marinkovic, Zoran"]
[Result "0-1"]
[WhiteElo "1860"]
[BlackElo "2105"]
[WhiteFideId "1318268"]
[BlackFideId "1346083"]
[EventDate "2024.07.14"]
[EventType "swiss"]

1. d4 d5 2. c4 e6 3. Nc3 c5 4. cxd5 exd5 5. e3 Nf6 6. Bb5+ Nc6 7. Qa4 Bd7 8. Nf3
Bd6 9. dxc5 Bxc5 10. O-O a6 11. Bxc6 Bxc6 12. Qb3 O-O 13. Nd4 Bd6 14. Bd2 Bxh2+
15. Kxh2 Ng4+ 16. Kg1 Qh4 17. Nf3 Qh5 18. Ne2 Rfe8 19. Ng3 Qg6 20. Nd4 h5 21.
Qc2 Re4 22. Nxc6 bxc6 23. Nxe4 dxe4 24. f3 Nf6 25. Qxc6 Rd8 26. Bc3 Qg3 27. Bxf6
gxf6 28. Qxf6 Rd2 0-1

[Event "57th Biel Rapid Open"]
[Site "Biel SUI"]
[Date "2024.07.14"]
[Round "9.36"]
[White "Chappaz, Max"]
[Black "Chauvon, Guillaume"]
[Result "0-1"]
[WhiteElo "1854"]
[BlackElo "2061"]
[WhiteFideId "1351567"]
[BlackFideId "206784"]
[EventDate "2024.07.14"]
[EventType "swiss"]

1. Nf3 d5 2. g3 Bg4 3. Bg2 Nd7 4. O-O c6 5. d3 e5 6. Nbd2 Ngf6 7. e4 dxe4 8.
dxe4 Bc5 9. c3 O-O 10. Qc2 Re8 11. Re1 h6 12. Nf1 Nf8 13. Be3 Bxe3 14. Nxe3 Bh5
15. Nh4 Qc7 16. h3 Rad8 17. Nhf5 Ne6 18. a4 Rd7 19. g4 Bg6 20. Rad1 Nf4 21. Rxd7
Qxd7 22. Rd1 Qc7 23. Bf1 Rd8 24. f3 Bxf5 25. Rxd8+ Qxd8 26. Nxf5 Qb6+ 27. Kh2
Kh7 28. b4 g6 29. a5 Qd8 30. Ne3 Kg7 31. Kg3 h5 32. Nc4 hxg4 33. hxg4 Qe7 34.
Qd2 Ne8 35. Ne3 Qg5 0-1

[Event "57th Biel Rapid Open"]
[Site "Biel SUI"]
[Date "2024.07.14"]
[Round "9.37"]
[White "Pisan, Kai"]
[Black "Bachmann, Daniel"]
[Result "1-0"]
[WhiteElo "2016"]
[BlackElo "1713"]
[WhiteFideId "39904881"]
[BlackFideId "1357492"]
[EventDate "2024.07.14"]
[EventType "swiss"]

1. d4 Nf6 2. c4 e6 3. g3 d5 4. Bg2 dxc4 5. Nf3 c5 6. O-O cxd4 7. Qxd4 Qc7 8. Bf4
Qc5 9. Nbd2 Bd7 10. Nxc4 Nc6 11. Nd6+ Bxd6 12. Qxd6 Qxd6 13. Bxd6 O-O-O 14. Rac1
Ne8 15. Be7 Nc7 16. Bxd8 Kxd8 17. Rfd1 Ke7 18. Nd4 Nb4 19. Rxc7 1-0

[Event "57th Biel Rapid Open"]
[Site "Biel SUI"]
[Date "2024.07.14"]
[Round "9.38"]
[White "Jordan, Theodor"]
[Black "Roth, Martin"]
[Result "1/2-1/2"]
[WhiteElo "1894"]
[BlackElo "1973"]
[WhiteFideId "1353152"]
[BlackFideId "1303392"]
[EventDate "2024.07.14"]
[EventType "swiss"]

1. e4 c5 2. Nf3 a6 3. Nc3 b5 4. Ne2 Bb7 5. Ng3 Nf6 6. d3 d6 7. c3 g6 8. a4 Nbd7
9. Bd2 Bg7 10. axb5 axb5 11. Be2 O-O 12. O-O Qb6 13. Qc2 Bc6 14. b4 Rxa1 15.
Rxa1 cxb4 16. cxb4 Ng4 17. Rf1 Qb7 18. h3 Nge5 19. Rc1 Nxf3+ 20. Bxf3 Ne5 21.
Be2 Rc8 22. f4 Bd7 23. Qb1 Rxc1+ 24. Qxc1 Nc6 25. Bf3 Nd4 26. Bc3 Nxf3+ 27. gxf3
Qc7 28. Ne2 Bxh3 29. Bxg7 Qxc1+ 30. Nxc1 Kxg7 31. f5 gxf5 32. Kh2 Bf1 33. Kg1
Bh3 34. Kh2 fxe4 35. Kg1 Bf1 36. dxe4 Bd3 37. Nxd3 1/2-1/2

[Event "57th Biel Rapid Open"]
[Site "Biel SUI"]
[Date "2024.07.14"]
[Round "9.39"]
[White "Wilhelm, Serge"]
[Black "Wolffs, Walter"]
[Result "1-0"]
[WhiteElo "1916"]
[BlackElo "1554"]
[WhiteFideId "1305808"]
[BlackFideId "3213994"]
[EventDate "2024.07.14"]
[EventType "swiss"]

1. d4 Nf6 2. Bg5 c5 3. Nc3 cxd4 4. Qxd4 Nc6 5. Qh4 d5 6. O-O-O e6 7. Nf3 Be7 8.
Qg3 Qa5 9. Kb1 Ne4 10. Nxe4 dxe4 11. Bxe7 Nxe7 12. Ng5 Nf5 13. Qf4 e3 14. g4 h6
15. Nxf7 e5 16. Qxe5+ Qxe5 17. Nxe5 Ne7 18. fxe3 Be6 19. Bg2 Rb8 20. Rhf1 h5 21.
g5 Nf5 22. Rd3 Rf8 23. Bf3 Rd8 24. Bxh5+ g6 25. Nxg6 Rxd3 26. Nxf8+ Kxf8 27.
exd3 Kg7 28. e4 Ne3 29. Rf3 Ng2 30. Rg3 Nf4 31. Bg4 1-0

[Event "57th Biel Rapid Open"]
[Site "Biel SUI"]
[Date "2024.07.14"]
[Round "9.40"]
[White "Villiger, Jan"]
[Black "Kheerthi, Ganta"]
[Result "0-1"]
[BlackTitle "WFM"]
[WhiteElo "1805"]
[BlackElo "1918"]
[WhiteFideId "1340891"]
[BlackFideId "25626280"]
[EventDate "2024.07.14"]
[EventType "swiss"]

1. e4 e5 2. Nf3 Nc6 3. Bb5 a6 4. Bxc6 dxc6 5. O-O Qf6 6. h3 Bd6 7. c3 Ne7 8. d4
h6 9. Nbd2 Be6 10. Re1 Ng6 11. dxe5 Nxe5 12. Nxe5 Qxe5 13. Nf3 Qh5 14. Nd4 Qg6
15. Nxe6 Qxe6 16. Qg4 Qe5 17. f4 Bc5+ 18. Kh1 Qe7 19. Be3 O-O 20. Rad1 Rad8 21.
Rxd8 Rxd8 22. Bxc5 Qxc5 23. Qe2 Qd6 24. e5 Qe6 25. Qe4 Rd2 26. f5 Qd5 27. Qg4 h5
28. Qg5 Rd1 29. Rxd1 Qxd1+ 30. Kh2 Qd5 31. f6 g6 32. Qe3 Kh7 33. g4 hxg4 34.
hxg4 c5 35. Kg3 Kg8 36. Kf4 Kf8 37. Kg3 Ke8 38. Kf2 b6 39. Qf4 Qxa2 40. Qd2 Qe6
41. Qf4 b5 42. Qe4 c6 43. Kf3 Qd5 44. Ke3 Kd7 45. c4 bxc4 0-1

[Event "57th Biel Rapid Open"]
[Site "Biel SUI"]
[Date "2024.07.14"]
[Round "9.41"]
[White "Hauser, Armando"]
[Black "Schaer, Bryan"]
[Result "0-1"]
[WhiteElo "1840"]
[BlackElo "1803"]
[WhiteFideId "1340514"]
[BlackFideId "1356127"]
[EventDate "2024.07.14"]
[EventType "swiss"]

1. e4 e6 2. d4 d5 3. Nd2 Nf6 4. e5 Nfd7 5. Bd3 c5 6. c3 Nc6 7. Ne2 f6 8. Nf4
cxd4 9. Nxe6 Qe7 10. Nc7+ Kd8 11. Nxa8 Ncxe5 12. cxd4 Nxd3+ 13. Kf1 b6 14. Nf3
Ba6 15. Kg1 Qe4 16. Qa4 Nb8 17. b3 Bb4 18. Be3 b5 19. Nd2 Bxd2 20. Qa3 Bb4 0-1

[Event "57th Biel Rapid Open"]
[Site "Biel SUI"]
[Date "2024.07.14"]
[Round "9.43"]
[White "Lyutsinger, Iren"]
[Black "Doxarve, Nils"]
[Result "1-0"]
[WhiteElo "2088"]
[BlackElo "1999"]
[WhiteFideId "34425969"]
[BlackFideId "1340000"]
[EventDate "2024.07.14"]
[EventType "swiss"]

1. e4 e5 2. Nf3 Nf6 3. Nxe5 d6 4. Nf3 Nxe4 5. d4 d5 6. Bd3 Bf5 7. O-O Be7 8. Re1
O-O 9. Nbd2 Nd6 10. Nf1 Nd7 11. Bf4 Bxd3 12. Qxd3 Nf6 13. Ng3 Nfe4 14. b3 c6 15.
c4 Nxg3 16. Bxg3 Ne4 17. Be5 Re8 18. Nd2 Nf6 19. Re2 Bb4 20. Rae1 Nd7 21. cxd5
cxd5 22. Qb5 Bxd2 23. Rxd2 f6 24. Qxd5+ Kh8 25. Red1 fxe5 26. dxe5 Re7 27. e6
Qe8 28. Qxd7 Rxd7 29. exd7 Qd8 30. Re1 Qf8 31. Rde2 Kg8 32. Re8 Kf7 33. Rxa8
Qxa8 34. Re8 Qxe8 35. dxe8=Q+ Kxe8 36. f4 Kd7 37. Kf2 Ke6 38. Ke3 Kf5 39. Kf3 h5
40. g3 Kf6 41. Ke4 Ke6 42. h3 g6 43. g4 hxg4 44. hxg4 1-0

[Event "57th Biel Rapid Open"]
[Site "Biel SUI"]
[Date "2024.07.14"]
[Round "9.45"]
[White "Schmied, Stefan"]
[Black "Stebahne, Olaf"]
[Result "1-0"]
[WhiteElo "1794"]
[BlackElo "1897"]
[WhiteFideId "1335804"]
[BlackFideId "24600270"]
[EventDate "2024.07.14"]
[EventType "swiss"]

1. e4 d6 2. d4 g6 3. Nf3 Bg7 4. c3 e6 5. Bd3 Ne7 6. Qe2 Bd7 7. Nbd2 O-O 8. h4 h5
9. Nf1 e5 10. dxe5 dxe5 11. Bc4 Bg4 12. N1h2 Qd7 13. Bg5 Nbc6 14. Rd1 Qe8 15. b4
Rd8 16. Rxd8 Nxd8 17. Nxg4 hxg4 18. Nd2 Qd7 19. Bxe7 Qxe7 20. Qxg4 Bh6 21. Qxg6+
Bg7 22. h5 Ne6 23. Bxe6 Qxe6 24. Qxe6 fxe6 25. h6 Bf6 26. Nf3 Kh7 27. Ke2 Rg8
28. g3 Rg4 29. Ke3 c6 30. a4 Rg6 31. c4 Rxh6 32. Rd1 Rg6 33. Rd7+ Rg7 34. Rxg7+
Kxg7 35. b5 cxb5 36. cxb5 Kf7 37. Kd3 Ke7 38. Kc4 Kd6 39. Ng1 Bd8 40. Ne2 Bb6
41. f4 Be3 42. f5 exf5 43. exf5 Bg5 44. Nc3 Be3 45. Ne4+ Kd7 46. Kd5 Bd4 47. g4
Ke7 48. g5 Bb2 49. Nd6 b6 50. Nc8+ Kd7 51. Nxa7 Bc1 52. g6 Ke7 53. Kxe5 Bb2+ 54.
Ke4 Kf6 55. Nc8 1-0

[Event "57th Biel Rapid Open"]
[Site "Biel SUI"]
[Date "2024.07.14"]
[Round "9.46"]
[White "Primbetova, Raikhan"]
[Black "Coletta, Stephane"]
[Result "1/2-1/2"]
[WhiteElo "1534"]
[BlackElo "1918"]
[WhiteFideId "13733494"]
[BlackFideId "1309056"]
[EventDate "2024.07.14"]
[EventType "swiss"]

1. c4 e5 2. Nc3 Bb4 3. Nd5 Be7 4. Nxe7 Qxe7 5. e4 Nf6 6. d3 d6 7. Be2 Nc6 8. Nf3
O-O 9. O-O Bg4 10. Be3 a5 11. h3 Bxf3 12. Bxf3 Nd4 13. Be2 c5 14. f4 Nd7 15. Bg4
Nf6 16. Bxd4 cxd4 17. Qe2 Nxg4 18. Qxg4 Rfc8 19. Rf2 f6 20. Raf1 Kh8 21. h4 Rc7
22. h5 h6 23. Rf3 Qd7 24. Qh4 b5 25. b3 bxc4 26. bxc4 Rb8 27. R3f2 Rcb7 28. Qg3
Qf7 29. Qg4 Qd7 30. Qf3 Rb4 31. Rc2 Qb7 32. fxe5 dxe5 33. Rfc1 Rb1 34. Qd1 Rb4
35. Kh2 Qc6 36. Qd2 Qe8 37. Qe2 Qc6 38. Qd2 Qe6 39. Qe2 Qc6 40. Qg4 Rb2 41. Qe2
R2b4 1/2-1/2

[Event "57th Biel Rapid Open"]
[Site "Biel SUI"]
[Date "2024.07.14"]
[Round "9.48"]
[White "Mkrtchyan, Anahit D."]
[Black "Materia, Mario"]
[Result "1/2-1/2"]
[WhiteElo "1831"]
[BlackElo "1590"]
[WhiteFideId "13307533"]
[BlackFideId "651082241"]
[EventDate "2024.07.14"]
[EventType "swiss"]

1. d4 d5 2. c4 c6 3. Nc3 Nf6 4. Nf3 Bf5 5. Bf4 e6 6. e3 Be7 7. Be2 dxc4 8. Bxc4
O-O 9. O-O Nbd7 10. Be2 Ne4 11. Nxe4 Bxe4 12. Rc1 Nf6 13. Qb3 Qb6 14. Qxb6 axb6
15. a3 b5 16. Rfd1 b4 17. axb4 Ra2 18. Ra1 Rxb2 19. Bd3 Rxb4 20. Bxe4 Nxe4 21.
Ra7 Rb2 22. Rf1 Bf6 23. Ne1 Nd2 24. Nd3 Rb5 25. Rd1 Ne4 26. f3 Nc3 27. Rd2 Nd5
28. e4 Nxf4 29. Nxf4 Bg5 30. g3 h6 31. h4 Bxf4 32. gxf4 Rd8 33. Kf2 c5 34. d5
exd5 35. Rxd5 Rc8 36. Rd7 Rb2+ 37. Kg3 Rb8 38. Rc7 Rb5 39. f5 Kf8 40. Kf2 Ke8
41. Ke3 Rb3+ 42. Kf2 Rb5 43. Ke3 Rb3+ 44. Kf2 Rb5 45. Ke3 Kf8 46. Kf2 h5 47. Ke3
Kg8 48. Kf2 Kf8 49. Ke3 Rb3+ 50. Kf2 1/2-1/2

[Event "57th Biel Rapid Open"]
[Site "Biel SUI"]
[Date "2024.07.14"]
[Round "9.50"]
[White "Mikavica, Dragoljub"]
[Black "Caduff, Simon"]
[Result "1-0"]
[WhiteElo "2025"]
[BlackElo "1694"]
[WhiteFideId "1308726"]
[BlackFideId "1351311"]
[EventDate "2024.07.14"]
[EventType "swiss"]

1. e4 e5 2. Nf3 Nc6 3. Bc4 Bc5 4. c3 Nf6 5. d4 exd4 6. e5 Qe7 7. O-O Ng4 8. cxd4
Bb4 9. a3 Ba5 10. Bg5 Qf8 11. h3 Nh6 12. d5 Ne7 13. b4 Bb6 14. a4 a6 15. a5 Ba7
16. d6 Ng6 17. Nc3 c6 18. Ne4 Nf5 19. g4 Nh6 20. Qd2 Ng8 21. Ng3 h6 22. Be3 Bxe3
23. fxe3 f6 24. Qc2 N8e7 25. dxe7 Nxe7 26. exf6 gxf6 27. Bd3 Rg8 28. Nh4 d5 29.
Bf5 Bxf5 30. Nhxf5 O-O-O 31. Nxe7+ Qxe7 32. Qc5 Qc7 33. Rf3 Rg5 34. Kg2 d4 35.
Qb6 Qxb6 36. axb6 d3 37. Rd1 Rb5 38. Rxf6 Rxb4 39. Rd2 Rxb6 40. Rxh6 Re8 41. Nf5
Rd8 42. Rd6 Rxd6 43. Nxd6+ Kd7 44. Rxd3 Ke6 45. Kg3 c5 46. Ne4 c4 47. Rc3 Rb3
48. Nc5+ 1-0

[Event "57th Biel Rapid Open"]
[Site "Biel SUI"]
[Date "2024.07.14"]
[Round "9.51"]
[White "Edoecs, Joseph"]
[Black "Boyer, Jean-Francois"]
[Result "1-0"]
[WhiteElo "2015"]
[BlackElo "1742"]
[WhiteFideId "1309404"]
[BlackFideId "650226"]
[EventDate "2024.07.14"]
[EventType "swiss"]

1. e4 e5 2. Nf3 Nc6 3. Bc4 Nf6 4. Ng5 d5 5. exd5 Na5 6. Bb5+ c6 7. dxc6 bxc6 8.
Qf3 Bd7 9. Be2 Rb8 10. O-O Be7 11. b4 Rxb4 12. d4 Rxd4 13. c3 Ra4 14. c4 O-O 15.
h3 Qc7 16. Nc3 Rb4 17. Ba3 Rfb8 18. Nce4 h6 19. Bxb4 Rxb4 20. Nxf6+ Bxf6 21. Ne4
Be7 22. g4 Nxc4 23. a3 Ra4 24. Qb3 Qa5 25. Bxc4 Rxc4 26. Qxc4 c5 27. Rab1 Be6
28. Qc2 g6 29. Qc3 c4 30. Qxa5 1-0

[Event "57th Biel Rapid Open"]
[Site "Biel SUI"]
[Date "2024.07.14"]
[Round "9.52"]
[White "Lee, Peter"]
[Black "Ademi, Rexhe"]
[Result "1-0"]
[WhiteElo "1870"]
[BlackElo "1635"]
[WhiteFideId "1315420"]
[BlackFideId "1350366"]
[EventDate "2024.07.14"]
[EventType "swiss"]

1. d4 Nf6 2. Nf3 d6 3. e3 c6 4. b3 g6 5. Bb2 Bg7 6. Be2 O-O 7. O-O Qc7 8. c4 Bg4
9. Nbd2 Nbd7 10. Rc1 e5 11. Qc2 d5 12. cxd5 Nxd5 13. h3 Bxf3 14. Nxf3 Nb4 15.
Qb1 exd4 16. Bxd4 Bxd4 17. Nxd4 Qe5 18. Rfd1 Nd5 19. Nf3 Qf6 20. Bc4 Nc3 21.
Rxc3 Qxc3 22. Rxd7 b5 23. Bf1 a5 24. Qd3 Qxd3 25. Rxd3 b4 26. Be2 a4 27. Rd1
axb3 28. axb3 Ra3 29. Bc4 Kg7 30. Kf1 Rfa8 31. Ke2 Ra2+ 32. Rd2 Rxd2+ 33. Nxd2
c5 34. h4 h6 35. g3 g5 36. Ne4 f5 37. Nxc5 Ra2+ 38. Kf3 Kf6 39. Nd3 g4+ 40. Kg2
h5 41. Nxb4 Rb2 42. Nd5+ Ke5 43. Nf4 Rd2 44. Nxh5 Rd8 45. Nf4 Kf6 46. Nd3 Rb8
47. Kf1 Ke7 48. Ke2 Kd6 49. Kd2 Ra8 50. Kc3 Ra2 51. Kd4 Rd2 52. b4 Kc6 53. Ke5
Rc2 54. Kxf5 Kd6 55. Bb5 Rc3 56. Kxg4 Ke6 57. h5 Kf6 58. Kf4 Rc8 59. g4 Rb8 60.
Bc6 Kg7 61. b5 Rf8+ 62. Kg5 Rd8 63. Ne5 Rd2 64. f4 Rd6 65. Nf3 Re6 66. e4 Rd6
67. f5 Rd3 68. Kf4 Kh6 69. e5 Rc3 70. e6 Rc4+ 71. Be4 Kg7 72. b6 Rb4 73. b7 Kf6
74. g5+ Kg7 75. h6+ Kh7 76. f6+ Kg8 77. e7 Kf7 78. h7 1-0

[Event "57th Biel Rapid Open"]
[Site "Biel SUI"]
[Date "2024.07.14"]
[Round "9.54"]
[White "Jaggy, Enzo"]
[Black "Jordan, Christina"]
[Result "1-0"]
[WhiteElo "1835"]
[BlackElo "1749"]
[WhiteFideId "1344919"]
[BlackFideId "1347977"]
[EventDate "2024.07.14"]
[EventType "swiss"]

1. d4 d5 2. Nf3 Nf6 3. e3 Bf5 4. c4 e6 5. Nc3 c6 6. Ne5 Nbd7 7. f4 Be7 8. cxd5
cxd5 9. Be2 Rc8 10. O-O O-O 11. Bd2 Ne4 12. a3 f6 13. g4 Nxc3 14. bxc3 fxe5 15.
gxf5 Rxf5 16. fxe5 Rg5+ 17. Kh1 Qe8 18. e4 Rg6 19. exd5 exd5 20. Bd3 Rb6 21. Qf3
Rb2 22. Qxd5+ Kh8 23. Qe4 g6 24. Rf2 Nb6 25. Raf1 Nc4 26. Bxc4 Rxc4 27. Qd5 Rc7
28. e6 Rb5 29. Qe4 Rh5 30. Bf4 Rxc3 31. Be5+ Kg8 32. d5 Rch3 33. d6 Rxe5 34.
Qxe5 Qc6+ 35. Kg1 Bxd6 36. Qf6 Bc5 37. Qf7+ Kh8 38. e7 Bxf2+ 39. Qxf2 1-0